000 01975cam a22001934a 4500
005 20250605164029.0
008 250528s ||||||||||||||||||||||||d
035 _a16574
040 _aGR-AtMCL
_bgre
_dGR-AtMCL
_eAACR2
245 1 _aΦαρμακολογία
260 _bΊδρυμα Ευγενίδου,
_c1990
300 _a136
520 _aΓενική Φαρμακολογία, Φάρμακο - Προέλευση - Μορφές - Ονομασίες - Δόσεις - Συνταγή, Τρόπος Δράσεων των Φαρμάκων, Θεωρία των Υποδοχέων - Δεσμοί Υποδοχέων Σχέση Δομής - Δράσεως - Ανταγωνισμός, Απορρόφηση - Διανομή (Κατανομή) - Αποθήκευση Μεταβολισμός - Αποβολή (Απέκκριση) Φαρμάκων, Παράγοντες που Επηρεάζουν την Ενέργεια Ενός Φαρμάκου, Συστηματική Φαρμακολογία, Φάρμακα του Αυτόνομου Νευρικού Συστήματος, Φάρμακα του Κεντρικού Νευρικού Συστήματος, Φάρμακα του Ενδοκρινικού Συστήματος, Φάρμακα του Καρδιαγγειακού Συστήματος, Φάρμακα του Πεπτικού Συστήματος, Φάρμακα του Ουροποιητικού Συστήματος, Φάρμακα του Αιμοποιητικού Συστήματος, Ανοσολογικό Σύστημα, Αντισταμινικά και Αντισεροτονικά Φάρμακα, Αντιμικροβιακά - Χημειοθεραπευτικά Φάρμακα, Αντισηπτικά - Απολυμαντικά Φάρμακα, Βιταμίνες.
700 1 _aΚεφαλάς Θρασύβουλος Αθ
_92664
700 1 _aΠαπαδόπουλος - Νταϊφωτής Ζ
_92665
942 _cBK
999 _c2063
_d2063